[Event "Linares Anibal op 08th"]
[Site "Linares"]
[Date "2001.01.14"]
[Round "7"]
[White "Kobalia, Mihail"]
[Black "Odeev, Handszar"]
[Result "1-0"]
[WhiteElo "2581"]
[BlackElo "2472"]
[Annotator "Krasenkow,M"]
[PlyCount "78"]
[EventDate "2001.01.08"]
[EventType "swiss"]
[EventRounds "11"]
[EventCountry "ESP"]
[SourceTitle "CBM 081"]
[Source "ChessBase"]
[SourceDate "2001.03.20"]
[SourceVersion "1"]
[SourceVersionDate "2001.03.20"]
[SourceQuality "1"]

1. d4 Nf6 2. c4 g6 3. Nc3 d5 4. cxd5 Nxd5 5. e4 Nxc3 6. bxc3 Bg7 7. Bc4 c5 8.
Ne2 Nc6 9. Be3 O-O 10. O-O Bg4 11. f3 Na5 12. Bd3 cxd4 13. cxd4 Be6 14. d5 Bxa1
15. Qxa1 f6 16. Bh6 Re8 17. Kh1 {This old line has recently become the main
topic in this system.} a6 {Quite a rare move. Black wants to put his bishop to
f7 (to protect his kingside more solidly) and therefore eliminates the Bd3-b5
threat.} (17... Qd6 $2 18. Qc3 b6 19. Bf4 Qd8 20. dxe6 {1-0 Stocek,
J-Gavrjushin,O/Komercni Banka op 1997 (34)}) (17... Bf7 18. Bb5 Rf8 19. Qd4 Qd6
20. Bxf8 Kxf8 21. Qc3 b6 22. Ba6 Rd8 23. Rc1 $14 {1-0 Adnan,A-Abdullah,M/Open
2000 (38)}) (17... Rc8 18. Qd4 (18. Nf4 Bf7 $6 (18... Bd7 $142 19. e5 {-see 17.
..Bd7}) 19. e5 (19. Bb5 {is possible, of course}) 19... g5 $6 (19... Bxd5 $6
20. Rd1 e6 21. exf6 $44 (21. Be4 fxe5 22. Qxe5 $2 Qc7)) (19... e6 $5 20. Bb5 (
20. dxe6 Bxe6 21. Bb5 f5 $13) 20... exd5 21. Bxe8 Bxe8 22. exf6 Bf7 $13) 20. e6
$1 gxf4 (20... Bxe6 {leads to very interesting variations, eventually
favourable for White:} 21. Qd4 $1 {[%cal Rd4e4]} Bf5 (21... Bxd5 22. Nxd5 Qd6
23. Qe4 f5 24. Qxf5 Qxh6 25. Nxe7+ Rxe7 26. Qxc8+ Qf8 27. Qc5 $18) 22. Bxf5 e5
23. Qa4 b5 (23... Rc4 24. Qd7 Qxd7 25. Bxd7 Rxf4 26. Bxe8 Rh4 27. d6 Rxh6 28.
d7 Nc6 29. Rc1 $18) 24. Qa3 $1 Nc4 25. Qa6 Rb8 (25... exf4 26. Bxc8 Qxc8 27.
Qxa7 $18) 26. Be6+ Kh8 27. Bf7 gxf4 28. Bxe8 Nd6 29. Qxa7 Nf5 (29... Nxe8 30.
Qf7 Qd6 31. Bf8 Qa6 32. d6 $18) 30. Bxf4 exf4 (30... Qxe8 31. Bc1 $16) 31. Re1
Ne3 32. Qf7 Qxe8 33. Qxf6+ Kg8 34. Qxf4 Rc8 35. d6 $18) 21. Qb1 $3 Qxd5 (21...
Bh5 22. Bxh7+ Kh8 23. Qf5 $1 $18) 22. Bxh7+ Kh8 23. exf7 Qxf7 24. Bg6 Qc4 (
24... Qg8 $142) 25. Bxe8 Rxe8 26. Rc1 Qf7 27. Bxf4 e5 28. Be3 $14 {Stocek,
J-Zitin,Y/EuJun, Tallinn EST 1997/1-0 (67)}) 18... Bd7 19. Qxa7 (19. Rb1 b6 (
19... Qc7 20. Qxa7 Qc5 21. Qxc5 Rxc5 22. Be3 Rcc8 23. Bd2 Nc4 24. Bf4 b5 25.
Nd4 g5 26. Bg3 Na3 27. Rd1 Ra8 $15 {0-1 Dreev,A-Gavrikov,V/URS-FL Lvov 1987 
(43)}) 20. e5 Rc5 21. Nf4 Qc7 22. Nxg6 hxg6 23. exf6 e5 24. dxe6 Bxe6 25. Bxg6
Rf8 26. Re1 Qd7 27. f7+ Rxf7 28. Bxf7+ Qxf7 {0-1 Deze,A-Pribyl,J/Zalaegerszeg
1977}) 19... Nc4 20. h4 Ne5 21. Bb1 Bb5 22. Re1 Ra8 23. Qe3 Qa5 24. Nd4 Rec8
$13 {Furman,S-Suetin,A/URS-ch21 Kiev 1954/0-1 (58)}) (17... Bd7 {is the main
line, with the following possibilities:} 18. e5 Rc8 19. Nf4 Nc4 20. e6 Ba4 (
20... Ne5 $6 21. exd7 (21. Re1 Nxd3 22. exd7 Qxd7 23. Nxd3 Qxd5 24. Nf4 Qc4 $11
{V.Korchnoi}) 21... Qxd7 22. Qb1 $14 Nf7 $2 23. Bxg6 $1 Nxh6 24. Bxh7+ Kh8 25.
Ng6+ $1 Kg7 26. Ne5 $1 fxe5 27. Qg6+ Kh8 28. Qxh6 $18) 21. Nxg6 $1 hxg6 22.
Bxg6 Ne5 23. Be4 $1 Bc2 $1 $13 {Bannik,A-Novotelnov,N/USSR 1951} (23... Qa5 $2
24. Qd4 (24. Qb2 $16 {V.Korchnoi}) 24... Rc4 25. Qf2 Rxe4 26. fxe4 Qc3 27. h3
$2 (27. d6 $1 $36 Ng4 $2 28. Qf5 Nxh6 29. Qg6+ Kf8 30. Qxh6+ Kg8 31. Qg6+ Kh8
32. d7 Rd8 33. Qh5+ Kg8 34. Qf7+ $18) 27... Qd3 28. Qf5 Rc8 29. d6 Qxd6 30. Bf4
Be8 31. Rb1 Qd3 32. Rb3 Qxb3 {0-1 Christiansen,L-Korchnoi,V/Reggio Emilia 1987}
)) 18. Nf4 (18. Qe1 Bf7 19. Qg3 Qd6 20. f4 Rac8 21. h4 Kh8 22. Rf3 Rg8 23. Qe1
Nc4 24. Qc3 Ne3 25. Qb2 Ng4 26. e5 fxe5 27. Bg5 Bxd5 28. Rg3 Be6 29. Ng1 Qd4 {
0-1 Drentchev,M-Macieja,B/EU-chJM U16 Rimavska Sobota 1992 (38)}) (18. f4 Rc8
19. f5 Bf7 20. fxg6 hxg6 21. Nf4 Nc4 22. Nh3 Ne5 {0-1 Thiteca,T-Lavrenov,Y/
Belgian League 1997/98 1997 (32)}) 18... Bf7 (18... Bd7 {[%cal Yd7b5] is too
risky as Black's kingside is not protected enough:} 19. e5 Bb5 20. Bxg6 $3 hxg6
21. Qb1 f5 22. Qe1 $1 Qb6 (22... Nc4 23. Qg3 Nxe5 24. Nxg6 Ng4 25. fxg4 Qd6 (
25... f4 $2 26. Qc3 e5 27. dxe6 $18) 26. Nxe7+ $1 Qxe7 27. gxf5+ Kh8 28. f6 Qf7
29. Qh4 Kg8 30. Rf3 $18) 23. Qg3 Bxf1 24. d6 $1 (24. Ne6 Kf7 25. Ng5+ $11) (24.
Nxg6 Kh7 25. Nf8+ Kxh6 26. Qh4+ Kg7 27. Qh7+ Kxf8 28. Qh8+ $11) 24... Bxg2+ 25.
Kxg2 Qb2+ 26. Kh3 Qxe5 27. Qxg6+ Kh8 28. Qf7 $6 (28. d7 $1 Rg8 29. Qh5 $18)
28... Rg8 29. Qh5 $1 {1/2-1/2(?) Negyesy,G-Gereben,E/HUN-ch 1951} (29. Qh5 Rg3+
30. hxg3 Qxd6 31. Ng6+ Kg8 32. Bf4 Qd8 33. Nh4 $1 $18 {->})) 19. e5 {The
position is similar to the 17...Rc8 line and 17...a6 is certainly less useful!}
e6 {White can't play 20.Bb5 and must continue an exchange down; however, he
gets an excellent compensation.} (19... g5 20. e6 $1 {-see 17...Rc8}) (19...
Bxd5 20. Rd1 $16 {(after} e6 21. Be4 {Black can't play} fxe5 22. Qxe5 Qc7 {)})
20. dxe6 Bxe6 21. exf6 Bf7 22. Rd1 Qc7 23. Be4 $1 {[%cal Rf4d5]} Qe5 (23...
Rad8 24. Nd5 Bxd5 25. Bxd5+ Rxd5 26. Rxd5 $16) 24. Qxe5 (24. Nd5 {gets back
the exchange but the endgame after} Qxa1 (24... Nc6 $2 25. Ne7+ $1 Rxe7 26.
fxe7 Qxa1 27. Rxa1 Nxe7 28. Bxb7 $16) 25. Rxa1 Nc6 26. Nc7 Rxe4 27. fxe4 Rd8 {
gives White little chances to win.}) 24... Rxe5 {[%mdl 4096]} 25. Rd7 $44 Ree8
(25... Rae8 $5) 26. Nd5 Nc6 27. Ne3 $5 {White is playing for a win. This
knight is aiming to h6!} (27. Rxb7 Rab8 {exchanging the rooks} 28. Rxb8 Rxb8
29. Kg1 {leeds to a roughly equal endgame.}) 27... Ne5 (27... Rab8 {was quite
possible. Because of the weakness of the first rank White couldn't arrange the
mate:} 28. Bf4 (28. Ng4 Red8 29. Bg7 h5 30. Nh6+ Kh7 31. Rxd8 Rxd8 32. g4 Bd5
$1 $19) 28... Red8 $1 29. Rc7 Rbc8 (29... Rdc8 $11) 30. Rxb7 Na5 (30... Bxa2
31. Rg7+ $13) 31. Rc7 Rxc7 32. Bxc7 Rc8 33. Nd5 Kh8 34. Bf4 g5 $1 35. Be3 (35.
Bxg5 Rc5) 35... Nc4 36. Bg1 {with a messy position.}) 28. Rxb7 Rab8 29. Re7
Rxe7 30. fxe7 Nd7 {Black is still OK but gradually loses his way in the
complications. There was nothing wrong with} (30... Bxa2 $1 31. Bf4 Rc8 32. Kg1
Nd7 $13) 31. Nd5 Rc8 $6 {The rook has nothing to do here and soon gets into
trouble.} (31... Be8 $5 {[%cal Yg8f7] was appropriate.}) 32. h4 a5 (32... Be8
$1) 33. Bf4 Kg7 $2 {[%mdl 16384]} (33... Be8 {is now too late:} 34. Nc7 Kf7 35.
Bd6 Nf6 36. Bb7 {trapping the ill-fated rook} Rb8 37. Ne6 $18) (33... Rc4 {
was necessary as} 34. Nc7 Nf6 35. e8=Q+ Nxe8 36. Nxe8 Bxe8 37. Bd5+ Bf7 38.
Bxc4 Bxc4 {leads to a draw.}) 34. Nc7 $1 {killing the black rook!} Nf6 ({If} 
34... Kf6 {then} 35. Bb7 ({even better than} 35. e8=Q Bxe8 36. Bb7 Rb8 37. Nd5+
) 35... Rh8 (35... Rb8 36. Nd5+ Bxd5 37. Bxb8 Kxe7 38. Bxd5 Nxb8 $18) 36. Bd6 {
with full domination, e.g.} Ne5 37. Bd5 $1 Bxd5 (37... Nd3 38. Bc6) 38. Nxd5+
Ke6 39. Bxe5 $18) 35. Bb7 Rg8 36. Be5 h6 37. g4 g5 38. h5 a4 39. a3 Rh8 {
A picturesque position! Of course, White has many ways to win (e.g. 40.Bc6).}
1-0

[Event "EU-ch 2nd"]
[Site "Ohrid"]
[Date "2001.06.11"]
[Round "10"]
[White "Jussupow, Artur"]
[Black "Ruck, Robert"]
[Result "1/2-1/2"]
[WhiteElo "2645"]
[BlackElo "2557"]
[Annotator "Krasenkow,M"]
[PlyCount "89"]
[EventDate "2001.06.01"]
[EventType "swiss"]
[EventRounds "13"]
[EventCountry "YUG"]
[SourceTitle "CBM 084"]
[Source "ChessBase"]
[SourceDate "2001.09.13"]
[SourceVersion "1"]
[SourceVersionDate "2001.09.13"]
[SourceQuality "1"]

1. d4 Nf6 2. c4 g6 3. Nc3 d5 4. cxd5 Nxd5 5. e4 Nxc3 6. bxc3 Bg7 7. Bc4 c5 8.
Ne2 Nc6 9. Be3 O-O 10. O-O Bg4 11. f3 Na5 12. Bd3 cxd4 13. cxd4 Be6 14. Rc1
Bxa2 15. Qa4 Bb3 16. Qb4 b6 17. Bg5 f6 18. Bh4 {This line was discussed in
detail in CBM68, in GM V.Mikhalevsky's annotations to his game against E.Liss.
The text move is White's most serious attempt to fight for an advantage in
this system; however, at the moment it doesn't bring him any real success.} (
18. Bf4 e5 {Kramnik-Shirov/WCC Cand-f (01)/1998/}) 18... Qd6 $1 (18... Bf7 $5 {
, immediately removing the bishop before playing ...Qd6, is another option for
Black. However,} 19. Bg3 $1 {, preventing ...Qd6, poses some problems to Black.
The other moves are less dangerous:} (19. Ba6 Qd6 20. Qxd6 exd6 21. Rc7 d5 22.
Nc3 (22. exd5 Bxd5 23. Nc3 Bf7 24. d5 Nb3 25. Bb7 Rad8 26. Rd1 Nc5 27. Bc6 Be8
28. Bxe8 Rfxe8 29. d6 Re6 30. d7 Kf7 31. Bf2 Bf8 32. Rxa7 Rd6 33. Rxd6 Bxd6 34.
Nd5 {1/2-1/2 Georgiev,V-Pierrot,F/Linares 1999/CBM 68 ext (34)}) 22... dxe4 (
22... Rad8 23. Bf2 dxe4 24. fxe4 Be6 25. Rxa7 Nc6 26. Rc7 Nxd4 27. Nd5 Nf5 $4 (
27... Bxd5 28. exd5 Nf5 29. Bxb6 Bh6 $14) 28. Nf4 {1-0 Shneider,A-De Vreugt,D/
Cappelle la Grande 1999/EXT 2000 (28)}) 23. fxe4 f5 24. e5 Nb3 25. Rd1 (25. Nb5
$142) 25... Nxd4 26. Rxd4 Bxe5 27. Rdd7 Bxc7 28. Rxc7 Bb3 29. Bb7 Rab8 30. Bd5+
Bxd5 31. Nxd5 Rf7 32. Ne7+ Kf8 33. Rxa7 b5 34. Bf2 b4 35. Nc6 Rxa7 36. Bxa7 b3
{0-1 Roemer,U-Schnitzspan,L/Seefeld 1998/EXT 2000 (36)}) (19. d5 Nb7 (19... e6
$5) (19... Qd6 $5 20. Qxd6 exd6) 20. Nd4 Nc5 21. Bb5 Bh6 22. Nc6 Qc7 23. Bg3
Qb7 24. Rc2 Rfc8 25. Bf2 Bf8 26. Bxc5 bxc5 27. Qxc5 Qb6 $11 {0-1 Amura,C-Qin
Kanying/Shenyang 2000/CBM 79 (59)}) {Returning to 19.Bg3.} 19... e5 20. Ba6 $1
b5 $1 (20... Nb3 $5 21. Rcd1) 21. Bf2 $1 (21. Bxb5 $6 Rb8) 21... Qb6 22. Ra1 $1
Nc6 $1 23. Qxb5 Nxd4 $6 (23... Qxb5 $5 24. Bxb5 Nxd4 25. Nxd4 exd4 26. Bxd4 f5
$1 $14 {Mikhalevsky,V}) 24. Nxd4 exd4 25. Qd3 $1 Rad8 26. Rfb1 Qe6 27. Rb7 $1
f5 28. exf5 $1 Qxf5 29. Qxf5 gxf5 30. Bd3 $14 {1-0 (60) Mikhalevski,V-Liss,E/
Israel (ch) 1998/Inf 74/CBM 68 [Mikhalevski,V]}) 19. Qxd6 exd6 20. d5 {
'Mikhalevski,V: 'Here we can see the idea of 17.Bg5!The e6-square is weakened
and knight is ready to come there via d4.'' However, Black has his own trumps.}
Rfc8 (20... f5 $2 21. exf5 gxf5 $6 (21... Bxd5 $5 22. fxg6 hxg6 23. Bxg6 Bc4
24. Kf2 d5 $132) 22. Ng3 $1 Bb2 $6 (22... Bd4+ 23. Kh1 f4) 23. Nxf5 $1 Bc4 24.
Ne7+ Kh8 25. Bxc4 Rf4 26. Bg5 Rxc4 27. Rce1 Rc2 28. Nf5 (28. f4 $5) 28... Nc4
29. Re6 $16 {Kramnik,V-Shirov,A/WCC cand Cazorla 1998/CBM 65}) (20... Ba4 $5 {
Sakaev,K}) (20... Rac8 $5 {Sakaev,K}) 21. Nd4 Bh6 $1 {A correct decision.
Black must fight for the c-file.} 22. Rxc8+ Rxc8 {Pay attention to the fact
that the white knight can now occupy the e6 square but it will be completely
useless there!} 23. Nb5 (23. Nxb3 Be3+ 24. Kh1 Nxb3 25. Bxf6 {wins back the
pawn but Black's passed pawns give him sufficient counterplay:} Kf7 26. Bb2 $6
(26. Bh4 $142 Rc3 27. Bb5 Nd4) 26... Bd4 27. Bxd4 Nxd4 28. Ba6 Rc3 29. h4 Ra3
30. Bc8 Rc3 31. Ba6 Nb3 32. Kg1 Nc5 33. Ra1 Ke7 34. Kf2 Kd8 35. h5 gxh5 36. Bb5
a5 37. Rh1 a4 38. Rxh5 a3 39. Rxh7 a2 {0-1 Hillarp Persson,T-Rowson,J/Torshavn
2000/CBM 78 ext (39).}) {With the text move White recaptures a more important
a7 ot d6 pawn but Black easily holds his ground.} 23... a6 24. Nxd6 Rd8 25. e5
{Looks very formidable but White can't keep his centre and must be careful to
secure the draw.} Be3+ 26. Kh1 g5 $1 27. Bg3 fxe5 28. Bxe5 Bf4 $1 29. Bxf4 gxf4
30. Ne4 Bc4 (30... b5 $5 {deserves serious attention} 31. Ra1 $140 Bxd5 $1 {
although after} 32. g3 {White should not lose.}) 31. Rd1 Kg7 32. d6 Rd7 33. g3
fxg3 34. hxg3 b5 35. Kg2 Bxd3 (35... b4 $6 36. Bxc4 Nxc4 37. Rd4) 36. Rxd3 Nc4
37. Nc5 $1 {White captures one of Black's connected passed pawns and the game
comes to a peaceful end.} Rxd6 38. Rxd6 Nxd6 39. Nxa6 Kf6 40. f4 Kf5 41. Kf3 h5
42. Nb4 Nc4 43. Nc2 Nd2+ 44. Ke2 Ne4 45. Kf3 1/2-1/2

[Event "VISA Nordic GP Final"]
[Site "Gentofte"]
[Date "1999.08.08"]
[Round "2"]
[White "Hillarp Persson, Tiger"]
[Black "Akesson, Ralf"]
[Result "1/2-1/2"]
[WhiteElo "2507"]
[BlackElo "2535"]
[Annotator "Krasenkow,M"]
[PlyCount "72"]
[EventDate "1999.08.05"]
[EventType "tourn"]
[EventRounds "13"]
[EventCountry "DEN"]
[EventCategory "9"]
[SourceTitle "CBM 073"]
[Source "ChessBase"]
[SourceDate "1999.12.01"]
[SourceVersion "1"]
[SourceVersionDate "1999.12.01"]
[SourceQuality "1"]

1. d4 Nf6 2. c4 g6 3. Nc3 d5 4. cxd5 Nxd5 5. e4 Nxc3 6. bxc3 Bg7 7. Bc4 c5 8.
Ne2 O-O 9. O-O Nc6 10. Be3 Bg4 11. f3 Na5 12. Bd3 cxd4 13. cxd4 Be6 14. Rc1
Bxa2 15. Qa4 Be6 {This move is now almost forgotten (everybody plays Anand's} (
15... Bb3) {). Some ten years ago it was, however, one of the most topical
lines of the Gruenfeld.} 16. d5 Bd7 17. Qb4 e6 18. Nc3 exd5 (18... b6 {is
another option.}) 19. exd5 Re8 (19... Be5 20. Rfd1 $44 (20. f4 Bc7 21. Kh1 Bb6
22. Bd2 f5 23. Bb1 Be8 24. Ba2 Bf7 $132 {1/2-1/2 Ivanov,J-Timmer,R/Berlin op
1988 (46)}) (20. Ne4 $44)) (19... b6 20. Rfd1 $1 (20. Ne4 Re8 21. Bd4 $6 (21.
Bf2 Bf5 $13 {Obodchuk}) 21... Nb3 $1 22. Bxg7 Nxc1 23. Qd4 Rxe4 24. fxe4 Nxd3
25. Bh6 f6 26. Rxf6 $6 (26. Qxd3 Qe7 $15) 26... Qe7 27. d6 Qe5 28. Qc4+ Kh8 29.
Qf7 Qa1+ $1 30. Rf1 Qd4+ 31. Kh1 Be6 $1 $17 {0-1 Utemov,V-Obodchuk/USSR 1988 
(35)}) 20... Re8 21. Bf2 Be5 $6 (21... Bf8) 22. Bh4 Qb8 23. Ne4 $1 Kg7 24. f4
$1 Bxf4 25. Qd4+ Be5 26. Bf6+ Kf8 27. Qb4+ Kg8 28. d6 $1 $44 {1-0
Vostrecov-Nadanian,A/USSR 1991 (33)}) 20. Bf2 (20. Ne4 f5 21. Bg5 Qb6+) 20...
b6 (20... Be5 $5 21. Ne4 Bf5 22. Bb5 Rf8 23. Bc5 b6 $1 24. Bxf8 Qxf8 25. Qxf8+
Kxf8 26. Rfe1 $1 Nb3 27. Rcd1 Nd4 28. Ba6 Nc2 29. Re2 Nd4 $11 30. Ree1 Nc2 31.
Re2 Nd4 {1/2-1/2 Jussupow,A-Timman,J/Rotterdam 1988}) (20... b5) (20... Bf8)
21. Bh4 {White tries to weaken Black's kingside position.} (21. Rfd1 Bf8 (21...
Nb7 22. Bh4 g5 {weakening his kingside} 23. Bf2 Nc5 24. d6 Rc8 25. Bb1 $44 {
1-0 Gustavsson,C-Schnegelsberg,K/Hessen qual 1991 (41)}) 22. Qb2 (22. Qf4 Qb8)
22... Bg7 23. Qb4 Bf8 24. Qb2 Bg7 25. Qb4 {1/2-1/2 Burtman,S-Shahade,J/ch-USA 
(Women), Chandler USA 1997}) 21... Bf8 $1 {The only way to avoid serious
weaknesses.} (21... Bf6 {weakens the dark squares:} 22. Bxf6 Qxf6 23. Ne4 Qg7
24. Qd6 Qd4+ 25. Kh1 Qxd3 26. Qxd7 Red8 27. Qe7 Rxd5 28. Nf6+ Kg7 29. Nxd5 Qxd5
30. Rfd1 $18 {Kaidanov,G-Kurz,A/Balatonbereny 1987}) (21... f6 {nakes the
a2-g8 diagonal and the e6 square while the f6 pawn is also vulnerable:} 22. Ne4
$1 Nb7 23. Ba6 Na5 24. d6 $16 g5 25. Bf2 f5 $6 26. Nc3 Bf8 27. Rfe1 $1 Bc6 28.
Bc4+ Kh8 29. Bd4+ Bg7 30. Bxg7+ Kxg7 31. Nd5 Nxc4 32. Qc3+ $1 Kh6 33. Ne7 Nxd6
34. Re6+ {1-0 Kaidanov,G-Vyzmanavin,A/Moscow II 1987}) (21... g5 {compromises
the whole kingside:} 22. Bf2 Nb7 23. Ne4 f5 24. Ng3 Nc5 25. Bxc5 bxc5 26. Qxc5
Be5 27. Bxf5 {1-0 Cramling,P-Holmsten,A/Rilton Cup 1998 (36)}) 22. d6 (22. Qf4
Bc5+ 23. Kh1 Be3) 22... Bxd6 $5 $146 {A surgical attempt to solve all the
problems.} (22... Qb8 {is insufficient:} 23. Bg3 Re6 24. Ne4 Qd8 25. Bb1 $1 $16
{/\ Ba2} (25. Bb5 $6 Bc8 26. Qc3 a6 27. d7 Bxd7 28. Bc7 Qe7 29. Bxd7 Qxd7 30.
Nf6+ Rxf6 31. Qxf6 Bg7 $13 {1-0 Kaidanov,G-Janjgava,L/URS-FL Lvov 1987 (36)})
25... Re8 26. Rfd1 $16 {1-0 Dokhoian,Y-Huzman,A/Sverdlovsk 1987 (35)}) (22...
Nc6 23. Qf4 Bxd6 24. Qxd6 Qxh4 25. Ne4 Ne5 26. Nf6+ Kg7 27. Nxd7 Nxd7 28. Bb5
$16 {Dokhoian}) 23. Qxd6 Qxh4 24. Ne4 Rad8 $1 {A very difficult move (perhaps
home preparation). White can now win a bishop but his pieces will be tied} (
24... Be6 $143 25. Qd4 $1 {[%csl Rf6]}) 25. g3 {White prefers to win an
exchange but Black already has a sufficient material compensation.} (25. Qd4 $2
Re6) (25. Nf6+ Kg7 26. Nxd7 {[%csl Rd7]} Nb3 $1 (26... Nb7 27. Qd5 Nc5 28. Bb5
Nxd7 29. Bxd7 Re7 30. Rc7 $16) (26... Re6 27. Qd5 Qe7 28. Rc7 Rd6 29. Qe5+ Qxe5
30. Nxe5 Rxd3 31. Nxd3 Rxd3 32. Rxa7 $16) 27. Rc7 (27. Rc4 $2 Qe7) 27... Qe7
28. Qd5 (28. Qxe7 Rxe7 29. Rb1 Nc5 30. Bb5 Nxd7 31. Rxa7 Kf6 $11) 28... Qe3+
29. Kh1 Nc5 30. Bb5 a6 31. Bc6 Nd3 $44) 25... Qe7 26. Nf6+ Kf8 27. Nxe8 Rxe8
28. Qd4 Qe3+ 29. Qxe3 Rxe3 30. Be4 Nb3 {[%cal Yb3c5] This knight enters the
game, after which Black is completely safe.} (30... f5 $6 31. Bd5) 31. Rc7 Nc5
(31... Bb5 $6 32. Rb1) 32. Rxa7 Bh3 33. Kf2 (33. Rb1 Nxe4 34. fxe4 Rxe4 $11 {
_|_ This endgame may (but not must) only be won after the exchange of rooks,
something White can't achieve.}) 33... Rxe4 34. fxe4 Nxe4+ 35. Ke3 ({After} 35.
Kg1 Bxf1 36. Kxf1 {the endgame is also drawish.}) 35... Bxf1 36. Kxe4 b5
1/2-1/2

[Event "EU-chT (Men) 12th"]
[Site "Batumi"]
[Date "1999.12.01"]
[Round "3.2"]
[White "Milov, Vadim"]
[Black "Van Wely, Loek"]
[Result "0-1"]
[WhiteElo "2626"]
[BlackElo "2629"]
[Annotator "Krasenkow,M"]
[PlyCount "96"]
[EventDate "1999.11.06"]
[EventType "team-swiss"]
[EventRounds "9"]
[EventCountry "GEO"]
[SourceTitle "CBM 074"]
[Source "ChessBase"]
[SourceDate "2000.02.01"]
[SourceVersion "1"]
[SourceVersionDate "2000.02.01"]
[SourceQuality "1"]
[WhiteTeam "Switzerland"]
[BlackTeam "Netherlands"]
[WhiteTeamCountry "SUI"]
[BlackTeamCountry "NED"]

1. d4 Nf6 2. c4 g6 3. Nc3 d5 4. cxd5 Nxd5 5. e4 Nxc3 6. bxc3 Bg7 7. Bc4 O-O 8.
Ne2 c5 9. O-O Nc6 10. Be3 Bg4 11. f3 Na5 12. Bd3 cxd4 13. cxd4 Be6 14. d5 Bxa1
15. Qxa1 f6 16. Kh1 {A rare move in this position. Its only idea is to avoid
Qd8-b6+ but a whole tempo is a high price.} (16. Rb1 {is more popular as it
also improves the position of the rook.}) 16... Bd7 (16... Rc8 $5 17. Bh6 (17.
Qd4 $142 Bd7 18. Qxa7 Nc4) 17... Re8 18. g4 Bd7 19. g5 Nc4 20. Bxc4 Rxc4 21.
gxf6 exf6 22. Nf4 Kf7 23. Nd3 Qa5 24. Qb2 Qc3 25. Qb1 Qc2 26. e5 Qxb1 27. e6+
Bxe6 28. dxe6+ Rxe6 29. Rxb1 b6 $17 {Geller,E-Gavrikov,V/URS-ch52 Riga 1985/
0-1 (49)}) 17. e5 (17. Bh6 {looks more logical after 16.Kh1:} Re8 18. e5 Rc8
19. Nf4 Nc4 20. e6 Ne5 (20... Ba4 $2 21. Nxg6 $1 $40 {Christiansen,
L-Kortschnoj,V/Reggio Emilia 1987}) 21. Re1 Nxd3 22. exd7 Qxd7 23. Nxd3 Qxd5
$11 {Kortschnoj,V}) 17... Rc8 (17... Bf5 $5 18. Bxf5 gxf5 19. Rd1 fxe5 20. Qxe5
Qd6 21. Qc3 b6 22. Bf4 {Eriksson,J-Winsnes,R/Sverige 1997} Qg6 23. Qc7 Rf7 $17)
(17... Bc6 $5) 18. Bh6 fxe5 {Black gives back the exchange and obtains a
positional advantage.} 19. Bxf8 Qxf8 20. Qxe5 Qf6 21. Qe3 (21. Qxf6 exf6 $15 {
[%csl Rd5][%cal Gc8c1] _|_}) (21. f4 $5 Nc4 $140 22. Bxc4 Rxc4 23. Qb8+) 21...
b6 22. Ng3 Nc4 23. Qe2 (23. Bxc4 $5 Rxc4 24. Re1 $15) 23... Nd6 {[%csl Rd3,Rd5,
Gd6]} 24. f4 $6 {This desperate attack doesn't succeed. White should rather
try to create counterplay along the e-file:} (24. Re1 Kf8 25. Ne4) 24... Rc5
25. f5 $6 (25. Ne4) 25... Bxf5 26. Bxf5 Nxf5 27. Ne4 (27. Nxf5 gxf5 28. Qd3 Qe5
) 27... Qe5 28. Qf3 Rxd5 (28... Rc8 $5) 29. g4 Rd4 30. Ng5 Qe3 $2 {This leads
to a rook endgame, hardly winning for Black.} (30... h6 $1 {was stronger, e.g.}
31. gxf5 (31. Qb3+ Qd5+ 32. Qxd5+ Rxd5 33. gxf5 (33. Ne6 Nd6) 33... hxg5 34.
fxg6 Kg7 35. Rf7+ Kxg6 36. Rxe7 Rd1+ $19) (31. Qa8+ Kg7 32. Nf3 Qe2 $19) (31.
Nh3 Rd2) 31... hxg5 32. fxg6 Rf4 33. Qb3+ Kg7 34. Rxf4 Qxf4 $19 {_|_}) 31. gxf5
Qxg5 32. fxg6 Qd5 33. gxh7+ Kxh7 34. Qxd5 Rxd5 35. Rf7+ Kg6 36. Rxe7 Rd1+ 37.
Kg2 Rd2+ 38. Kf3 Rxa2 {Complications have ended up in an interesting endgame.
If Black's king came to support his pawns, it would be theoretically winning
for him (in most cases). However, here it is White's king who supports his own
pawn; White's task is to push it forward as it is known that two pawns move
slower than one.} 39. h4 ({An attempt to stop the black pawns with} 39. Rb7 {
doesn't work in view of} Kf5 $1 40. Rf7+ Ke6 41. Rb7 Rxh2 42. Rxa7 Kd5 $19 43.
Rc7 Kd4 {and the white king is cut off.}) 39... Ra3+ 40. Ke4 $2 {A completely
wrong concept. The white king should support his own pawn!} (40. Kg4 {was
correct, with good drawing chances.}) 40... Kh5 41. Rh7+ Kg4 42. Kd4 a5 43. h5
{This allows Black to cut off the white king but} (43. Kc4 Ra4+ 44. Kb3 Rb4+
45. Ka3 b5 {is probably hopeless for White, too, e.g.} 46. h5 Kg5 47. h6 Rh4
48. Rb7 Ra4+ 49. Kb3 Rb4+ $19) 43... Rb3 $1 44. Kd5 (44. Kc4 a4 {[%cal Yb6b5]})
44... Kg5 45. h6 Kg6 46. Rh8 a4 47. Ra8 (47. h7 b5) 47... Rb4 48. Rh8 b5 {
White's king is cut off and his rook can't both protect his pawn and stop the
black passed pawns.} 0-1